000
00268nam a2200109Ia 4500
005
20251222143308.0
008
251222s9999||||xx |||||||||||||| ||spa||
082
_a
944.04/B45
100
_a
"Bernanas, George"
245
0
_a
La grande peur des Bien-Pensants
942
_c
LIB
999
_c
15606
_d
15606